Philosophical mysteries /

Bibliographic Details
Main Author: Ross, Stephen David
Format: Book
Language:English
Published: Albany : State University of New York Press, [1981]
Series:SUNY series in systematic philosophy.
Subjects:

MARC

Tag First Indicator Second Indicator Subfields
LEADER 00000cam a2200000 a 4500
001 in00000099694
005 20150924160345.0
008 801105s1981 nyu b 00110 engm
010 |a  80026837  
020 |a 0873955242 
020 |a 0873955250 (pbk.) 
035 |a (OCoLC)06982687 
035 |9 AAL0312AM 
040 |a DLC  |c DLC  |d m.c.  |d OCL  |d TXA  |d UtOrBLW 
049 |a TXAM  |c [1482317] 
050 0 0 |a B53  |b  R685 
082 0 |a 110  |2 19 
100 1 |a Ross, Stephen David. 
245 1 0 |a Philosophical mysteries /  |c Stephen David Ross. 
264 1 |a Albany :  |b State University of New York Press,  |c [1981] 
264 4 |c ©1981 
300 |a 151 pages ;  |c 24 cm. 
336 |a text  |b txt  |2 rdacontent 
337 |a unmediated  |b n  |2 rdamedia 
338 |a volume  |b nc  |2 rdacarrier 
490 1 |a SUNY series in systematic philosophy 
504 |a Includes bibliographical references and index. 
650 0 |a Philosophy. 
650 0 |a Ontology. 
650 0 |a Metaphysics. 
830 0 |a SUNY series in systematic philosophy. 
999 |a MARS 
999 f f |s af0c825e-bd7d-36e0-aa5d-551dc1eb5eb2  |i 4044544b-fdb5-3011-becc-abdb834f5358  |t 0 
952 f f |p ric  |a Texas A&M University  |b Rellis Campus  |c Joint Library Facility  |d Remote Storage  |t 0  |e B53 .R685  |h Library of Congress classification  |i unmediated -- volume  |m A14806045712 
998 f f |a B53 .R685  |t 0  |l Remote Storage